000 00500nam a22001457a 4500
999 _c15673
_d15673
008 201016b ||||| |||| 00| 0 eng d
082 _21977
_aDFil 828
_bP76
100 _aPolotan, Kerima
_942416
245 _aAdventures in a forgotten country/
_cKerima Polotan
260 _aManila, Philippines :
_bFocus Philippines Pub., Co.,Inc.,
_c©1975.
300 _a301 pages;
_c21 cm.
500 _aIncludes glossary
650 _aPhilippines--Social life and customs--Anecdotes.
_942417
942 _2ddc
_cDFIL